Normal view
MARC view
- Scott, Donald E
Entry Personal Name
001 - CONTROL NUMBER
- control field: 104389
003 - CONTROL NUMBER IDENTIFIER
- control field: NUST
005 - DATE AND TIME OF LATEST TRANSACTION
- control field: 20221207183053.0
008 - FIXED-LENGTH DATA ELEMENTS
- fixed length control field: 221207|| aca||aabn | a|a d
040 ## - CATALOGING SOURCE
- Original cataloging agency: NUST
- Transcribing agency: NUST
100 ## - HEADING--PERSONAL NAME
- Personal name: Scott, Donald E
670 ## - SOURCE DATA FOUND
- Source citation: Work cat.: (NUST)182372: Scott, Donald E., An introduction to circuit analysis :, c1987.
